| 000 | 00365nam a2200145Ia 4500 | ||
|---|---|---|---|
| 008 | 230312s9999||||xx |||||||||||||| ||und|| | ||
| 020 | _a0-521-69716-3 | ||
| 082 |
_a615.82 _bGAB-N |
||
| 100 | _aGaber;Tarek | ||
| 245 | 0 | _aNeurological Rehabilitation | |
| 260 |
_bCambridge _aLondon _c2008 |
||
| 300 | _a193 | ||
| 650 |
_aPhysiotherapy _vPhysio Therapy |
||
| 942 | _cBK | ||
| 999 |
_c10350 _d10350 |
||